000 02559cam a22005894i 4500
003 PE-LiUPU
005 20250731165456.0
008 150623s r 000 0 d
020 _a1850755892
035 _a(Sirsi) i9781850755890
040 _aPE-LiUPU
_bspa
_cPE-LiUPU
_erda
049 _aPRUA
082 0 4 _a225.077
_bJ
_221
100 1 _aMcLean, B. Hudson,
_eautor.
245 1 4 _aThe cursed Christ :
_bMediterranean expulsion rituals and Pauline soteriology /
_cB. Hudson McLean.
264 1 _aMidsomer Norton, Bath, Great Britain :
_bSheffield Academic Press,
_c1996.
300 _a263 páginas ;
_c22 centímetros
336 _atext
_2rdacontent
337 _aunmediated
_2rdamedia
338 _avolume
_2rdacarrier
490 0 _aJournal for the study of the N.T. Supplement Series ;
_v126
504 _aBibliografía: p. 225-247.
505 0 _aA comparative study of Paul's concept of atonement: Paul and sacrifice. -Mediterranean apotropaeic rituals. -Paul's concept of the cursed and sinful Christ. -A developmental study of Pauls's soteriology. -The development of Paul's soteriology in his early career: 2 Thessalonians, 1 Thessalonians, 1 Corinthians. -The development of Paul's soteriology in his later carreer: 2 Corinthians and Galatians.
526 _aSEG44
526 _aSEG26
526 _aP151
526 _aP150
526 _aP149
526 _aP146
526 _aP145
526 _aP126
526 _aP125
526 _aP92
526 _aP75
526 _aP74
526 _aP27
526 _aP15
600 1 _aJesucristo
_xPersona y oficios
630 _aBiblia.
_pN.T.
_pEpístolas de Pablo
_xCrítica, interpretación, etc.
630 _aBiblia.
_pN.T.
_pEpístolas de Pablo
_xTEOLOGIA.
650 0 4 _aCristianismo y otras religiones
_xJudaísmo.
_91491
650 0 4 _aExpiación
_xEnseñanza bíblica.
650 0 4 _aJudaísmo
_xRelaciones
_xCristianismo.
650 0 4 _aSacrificio
_xCristianismo.
650 0 4 _aSalvación
_xEnseñanza bíblica.
942 _2ddc
_cBOOK
949 _aRC 225.077 J 126
_wDEWEY
_c1
_i45040
_lCCODEBUL1
_mBUL
_r0
_sY
_tBOOK
_u2015-6-24
_xTEOLOGIA
_PP35
_0COMPRA
_o.CIRCNOTE. No olvidar cambiar la fecha de devolución!!!!!!!
_o.STAFF. Colección General
994 _aC0
_bPEPRU
596 _a1
999 _aRC 225.077 J 126
_wDEWEY
_c21921
_i45040
_f2021-11-8
_g6
_lCCODEBUL1
_mBUL
_r1
_sY
_tBOOK
_u2015-6-24
_xTEOLOGIA
_PP35
_0COMPRA
_o.CIRCNOTE. No olvidar cambiar la fecha de devolución!!!!!!!
_o.STAFF. Colección General
_d21921
980 _81
_gALBERTO SANCHEZ Responsable de Automatización